The Constitution of Japan, its first twenty years, 1947-67. (Record no. 3374)

MARC details
000 -LEADER
fixed length control field 01046cam a2200301 4500
001 - CONTROL NUMBER
control field 1235991
003 - CONTROL NUMBER IDENTIFIER
control field OSt
005 - DATE AND TIME OF LATEST TRANSACTION
control field 20230703150910.0
008 - FIXED-LENGTH DATA ELEMENTS--GENERAL INFORMATION
fixed length control field 690904t19691968wau b 001 0 eng
010 ## - LIBRARY OF CONGRESS CONTROL NUMBER
LC control number 69020034
040 ## - CATALOGING SOURCE
Original cataloging agency DLC
Transcribing agency DLC
Modifying agency DLC
043 ## - GEOGRAPHIC AREA CODE
Geographic area code a-ja---
082 00 - DEWEY DECIMAL CLASSIFICATION NUMBER
Classification number 342.52
Item number HEN
245 04 - TITLE STATEMENT
Title The Constitution of Japan, its first twenty years, 1947-67.
Statement of responsibility, etc. Edited by Dan Fenno Henderson.
260 ## - PUBLICATION, DISTRIBUTION, ETC. (IMPRINT)
Place of publication, distribution, etc. Seattle,
Name of publisher, distributor, etc. University of Washington Press
Date of publication, distribution, etc. [1969, c1968]
300 ## - PHYSICAL DESCRIPTION
Extent xv, 323 p.
Dimensions 24 cm.
350 ## - PRICE (NR) (BK AM CF MU VM SE) [OBSOLETE]
Price 9.50
440 #0 - SERIES STATEMENT/ADDED ENTRY--TITLE
Title Asian law series,
Volume/sequential designation no. 1
500 ## - GENERAL NOTE
General note "The first eleven articles ... appeared originally in the Washington law review, vol. 43 (1968)"
500 ## - GENERAL NOTE
General note "The Constitution of Japan": p. 301-315.
504 ## - BIBLIOGRAPHY, ETC. NOTE
Bibliography, etc Bibliographical footnotes.
650 #0 - SUBJECT ADDED ENTRY--TOPICAL TERM
Topical term or geographic name as entry element Constitutional history
Geographic subdivision Japan.
700 1# - ADDED ENTRY--PERSONAL NAME
Personal name Henderson, Dan Fenno,
Dates associated with a name 1921-
Relator term ed.
710 12 - ADDED ENTRY--CORPORATE NAME
Corporate name or jurisdiction name as entry element Japan.
Title of a work Kenpō (1946).
Language of a work English.
Date of a work 1969.
906 ## - LOCAL DATA ELEMENT F, LDF (RLIN)
a 7
b cbc
c orignew
d u
e ncip
f 19
g y-gencatlg
942 ## - ADDED ENTRY ELEMENTS (KOHA)
Source of classification or shelving scheme Dewey Decimal Classification
Koha item type Books
Holdings
Withdrawn status Lost status Source of classification or shelving scheme Damaged status Not for loan Home library Current library Date acquired Total Checkouts Full call number Barcode Date last seen Price effective from Koha item type
    Dewey Decimal Classification     County Hall Archives County Hall Archives 07/03/2023   342.52 HEN 10010687 07/03/2023 07/03/2023 Books
LIBRARY OPENING HOURS

When the Parliament is sitting: 8.00a.m - 7.00p.m or until the house adjourns
Mondays and Fridays and when the House is on Recess:  8.00a.m - 5.00p.m
Closed on Weekends and Public Holidays

Online Public Access Catalog (OPAC)
Website: http://www.parliament.go.ke
Bunge Library: https://libraryir.parliament.go.ke
Contact: library@parliament.go.ke | Tel no: (254-2)2221291 or 2848000 Ext 5043